书目信息 |
| 题名: |
电子测量入门
|
|
| 作者: | ;张晋纯 , 金祥 译 ;日本电子学教育研究会 编 | |
| 分册: | 上册 | |
| 出版信息: | 北京 计量出版社 1984 |
|
| 页数: | 243页 | |
| 开本: | 21cm | |
| 丛书名: | ||
| 单 册: | ||
| 中图分类: | TM93 | |
| 科图分类: | ||
| 主题词: | 电子测量--基本知识 | |
| 电子资源: | ||
| ISBN: | ||
| 000 | 00784nam0 2200265 45 | |
| 001 | 0184016711 | |
| 005 | 20040521082357.0 | |
| 010 | @dCNY1.35 | |
| 091 | @a15210.310 | |
| 100 | @a19950619d1984 em y0chiy0121 ea | |
| 101 | 1 | @achi@cjpn |
| 102 | @aCN@b110000 | |
| 105 | @ay z 000yy | |
| 106 | @ar | |
| 200 | 10 | @a电子测量入门@h上册@Adian zi ce liang ru men@f日本电子学教育研究会编@g张晋纯, 金祥译 |
| 210 | @a北京@c计量出版社@d1984 | |
| 215 | @a243页@d21cm | |
| 606 | @a电子测量@x基本知识 | |
| 690 | @aTM93@v3 | |
| 702 | 0 | @a张晋纯@Azhang jin chun@4译 |
| 702 | 0 | @a金祥@Ajin xiang@4译 |
| 711 | 02 | @a日本电子学教育研究会@Ari ben dian zi xue jiao yu yan jiu hui@4编 |
| 801 | 0 | @aCN@b上海图书馆@c20040521 |
| 801 | 2 | @aCN@bNLC@c20040521 |
| 905 | @f2@b120557-558@dTM93@e34:1 | |
| 电子测量入门.上册/日本电子学教育研究会编/张晋纯, 金祥译.-北京:计量出版社,1984 |
| 243页;21cm |
| ISBN :CNY1.35 |
| ● |
| 相关链接 |
|
|
|
|
正题名:电子测量入门
索取号:TM93/34:1
 
预约/预借
| 序号 | 登录号 | 条形码 | 馆藏地/架位号 | 状态 | 备注 |
| 1 | 0120557 | 001346886 | 第三借阅区/ [索取号:TM93/34:1] | 在馆 | |
| 2 | 0120558 | 001345976 | 密集书库/ [索取号:TM93/34:1] | 在馆 | |
| 3 | 0120559 | 001345930 | 第二样本阅览室/ [索取号:TM93/34:1] | 在馆 |